| 000 | 00685nam a2200205Ia 4500 | ||
|---|---|---|---|
| 999 |
_c33403 _d33403 |
||
| 003 | GCL | ||
| 005 | 20240530102617.0 | ||
| 008 | 140319s9999 xx 000 0 ara d | ||
| 040 |
_aGCL / _cGCL |
||
| 082 | 0 | 4 |
_a210.4 _bع م |
| 100 | 1 | _aعلى عبدالواحد وافى | |
| 245 | 1 | 0 |
_aالمرأة فى الاسلام / _cعلى عبدالواحد وافى |
| 260 |
_a[S.N] : _bدار نهضة مصر للطبع والنشر ، _c1979 |
||
| 300 | _a192 ص | ||
| 650 | 0 | 4 | _aالاسلام |
| 650 | 0 | 4 | _aالاسلام والاصلاح الاجتماعى |
| 650 | 0 | 4 | _aحركات الاصلاح والتجديد |
| 650 | 0 | 4 | _aالمرأة فى الاسلام |
| 942 |
_2ddc _cBK |
||